000 00719nam a2200241Ia 4500
003 OSt
005 20250603144710.0
008 210716s2004 xx 000 0 und d
020 _a8178840677
040 _cAIMIT LIBRARY
041 _aeng
082 _a006.6711
_21
_bJAIV
100 _aJain, V K.
_9212613
245 _aObject oriented advanced programming in java /
_cBy V K Jain.
250 _a1st ed.
260 _aNew Delhi :
_bCyber Tech Publications ,
_c2004.
300 _a475p. ;
_bPB
_c23.5 cm
500 _aVol-1
650 _aData types variable and arrays
_9212614
650 _aIntroduction to classes
_9212615
650 _aPackages and interfaces
_9212616
942 _2ddc
_cBK
_e1st
_k006.6711 JAIV
999 _c186105
_d186105